| 000 | 00890nam a2200265 a 4500 | ||
|---|---|---|---|
| 001 | 71720 | ||
| 003 | BD-RjUL | ||
| 005 | 20211209082142.0 | ||
| 008 | 170507s1963 nyua b 001 0 eng | ||
| 035 | _a(BD-RjUL)71936 | ||
| 040 |
_aDLC/ICU _cICU _dDLC _dBD-RjUL _beng |
||
| 041 | _aeng | ||
| 082 | 0 | 0 |
_223 _a531 _bPAS 1963 |
| 245 | 1 | 0 |
_aSolids under pressure / _cEdited by William Paul [and] Douglas M. Warschauer. |
| 260 |
_aNew York : _bMcGraw-Hill _c1963 |
||
| 300 |
_a478 p. : _bill. ; _c24 cm. |
||
| 504 | _aIncludes bibliography and index | ||
| 650 | 0 |
_aSolids. _9212204 |
|
| 650 | 0 |
_aPressure. _9212205 |
|
| 700 | 1 |
_aWarschauer, Douglas M., _ejoint ed. _9212206 |
|
| 700 | 1 |
_aPaul, William _d1926- _9212207 |
|
| 830 |
_aMcGraw-Hill series in materials science and engineering _9158196 |
||
| 942 |
_2ddc _cBK |
||
| 999 |
_c71720 _d71720 |
||